00856nam a2200169 i 4500001000300000245009500003260006600098300003600164490013500200710006300335830012300398040000800521041000800529080001000537008004100547856009800588bg 0aNiekonwencjonalne nawozy w rolnictwie /c[kom. red. Satutnin Zawadzki (przewodniczący)]. aWarszawa :bKomitet Gleboznawstwa i Chemii Rolnej PAN,c1993. a279 s. :brys., wykr. ;c24 cm.1 aZeszyty Problemowe Postępów Nauk Rolniczych / Polska Akademia Nauk. Wydział Nauk Rolniczych i Leśnych,x0084-5477 ;vz. 409 aPOLSKA AKADEMIA NAUK. Wydział Nauk Rolniczych i Leśnych 0aZeszyty Problemowe Postępów Nauk Rolniczych (Polska Akademia Nauk. Wydział Nauk Rolniczych i Leśnych) ;vz. 409 cBPK apol a631.8 s pl f |000 0 pol  uhttp://koha.tu.koszalin.pl/cgi-bin/koha/opac-detail.pl?biblionumber=29952yKatalog online BPK